000 00307nam a2200133Ia 4500
008 191201s2010 xx 000 0 und d
100 _aJOSEPH, P T
245 0 _aE Commerce An Indian Perspective
250 _aRep
260 _aNew Delhi
_bPHI
_c2010
300 _a546
650 _aBBA
942 _2ddc
_cBK
_02
999 _c5954
_d5954